000 00690nam a2200205 a 4500
001 000020099
005 20200929170251.0
008 100721s2003 cu cg 000 0 spa d
020 _a9591103670
040 _aDO-SdBNP
_bspa
_cBNPHU
082 _a927
_bL579d
100 1 _aLeón, Carmela de
_942443
245 1 0 _aDos gardenias para ti /
_cCarmela de León.
260 _aSantiago de Cuba :
_bOriente,
_c2003.
300 _a162 p. :
_bil. , retrs., mús. ;
_c19 cm.
504 _aIncluye referencias bilbiográficas y notas al pie de las páginas.
504 _aBibliografía: p. 159-160
600 1 4 _aCARRILLO, ISOLINA,
_d1907-1996
_942685
650 4 _aArtistas cubanos
_xBiografías
_942686
999 _c19607
_d19607